Profill #1 - Charles de Gaulle - Statistiques

Statistiques générales
  • Ce quiz a été pris 1 007 fois
  • Le résultat moyen est 12 sur 15
Statistiques - réponses
Hint Réponse % Correct
Yvonne Vendroux {Conjoint}
96%
MilitaireÉcrivain {Profession}
92%
Successeur {Georges Pompidou}
91%
8 janvier 1959 – 28 avril 1969 (10 ans, 3 mois et 20 jours) {Président} {de} {la} {République} française
90%
René Coty (IVe République) {Prédécesseur}
87%
Arme Armée de {terre}
85%
Date de décès 9 novembre {1970}
83%
Grade {Général} de brigade
82%
Première Guerre mondiale Seconde Guerre mondiale {Conflits}
80%
Lieu de décès Colombey-les-{Deux-Églises} (France)
78%
18 juin 1940 – 1er août 1943 (3 ans, 1 mois et 14 jours) Chef de la France {libre}
76%
Date de naissance 22 novembre {1890}
75%
Lieu de naissance {Lille} (France)
57%
Premier ministre Michel {Debré}
Georges Pompidou
Maurice Couve de Murville
53%
Gouvernement Conseil de défense de l'Empire
Comité national français
Comité français de {libération} nationale
44%
Aucun quiz correspondant
Distribution des résultats
% des personnes avec chaque résultat
Percentile par nombre de réponses
Votre historique - résultats
Vous n’avez pas pris ce quiz